LEADER 02908nam 2200649Ia 450 001 9910790257903321 005 20230725033442.0 010 $a1-60086-825-8 035 $a(CKB)2670000000187693 035 $a(EBL)3111690 035 $a(SSID)ssj0000652342 035 $a(PQKBManifestationID)12237448 035 $a(PQKBTitleCode)TC0000652342 035 $a(PQKBWorkID)10641597 035 $a(PQKB)10917412 035 $a(Au-PeEL)EBL3111690 035 $a(CaPaEBR)ebr10525585 035 $a(OCoLC)802058721 035 $a(MiAaPQ)EBC3111690 035 $a(EXLCZ)992670000000187693 100 $a20110618d2011 uy 0 101 0 $aeng 135 $aur|n|---||||| 181 $ctxt 182 $cc 183 $acr 200 10$aBoundary layer analysis$b[electronic resource] /$fJoseph A. Schetz, Rodney D. W. Bowersox 205 $a2nd ed. 210 $aReston, VA $cAmerican Institute of Aeronautics and Astronautics$dc2011 215 $a1 online resource (678 p.) 225 1 $aAIAA education series 300 $aDescription based upon print version of record. 311 $a1-60086-823-1 320 $aIncludes bibliographical references and index. 327 $a""Cover""; ""Title""; ""Copyright""; ""Dedication""; ""Contents""; ""Preface""; ""Nomenclature""; ""Chapter 1 Introduction to Viscous Flows""; ""Chapter 2 Integral Boundary Layer Equations and Solutions for Laminar Flow""; ""Chapter 3 Differential Boundary Layer Equations of Motion for Laminar Flow""; ""Chapter 4 Exact and Numerical Solutions for Laminar,Incompressible Boundary Layer Flows""; ""Chapter 5 Compressible Laminar Boundary Layers""; ""Chapter 6 Transition toTurbulent Flow""; ""Chapter 7 Wall-Bounded,Incompressible External Turbulent Flows""; ""Chapter 8 Internal Flows"" 327 $a""Chapter 9 Free Shear Flows""""Chapter 10 Wall-Bounded Turbulent Flows with Variable Density and Heat and MassTransfer""; ""Chapter 11 Three-Dimensional External Boundary Layer Flows""; ""Chapter 12 Introduction to Navier-Stokes Computational Fluid Dynamics""; ""Appendix LaminarThermophysical Properties of Selected Fluids""; ""References""; ""Figure Credits""; ""Index""; ""Supporting Materials"" 410 0$aAIAA education series. 606 $aBoundary layer 606 $aTurbulent boundary layer 606 $aLaminar boundary layer 606 $aViscous flow 606 $aBoundary element methods 615 0$aBoundary layer. 615 0$aTurbulent boundary layer. 615 0$aLaminar boundary layer. 615 0$aViscous flow. 615 0$aBoundary element methods. 676 $a620.1/064 700 $aSchetz$b Joseph A$012397 701 $aBowersox$b Rodney D. W$01544304 801 0$bMiAaPQ 801 1$bMiAaPQ 801 2$bMiAaPQ 906 $aBOOK 912 $a9910790257903321 996 $aBoundary layer analysis$93798411 997 $aUNINA LEADER 01263nam 2200277z- 450 001 9910689877703321 005 20161209104441.0 035 $a(CKB)5860000000021734 035 $a(BIP)012001634 035 $a(EXLCZ)995860000000021734 100 $a20220406c2004uuuu -u- - 101 0 $aeng 200 10$aElectronic government $ea progress report on the successes and challenges of government-wide information technology solutions : hearing before the Subcommittee on Technology, Information Policy, Intergovernmental Relations, and the Census of the Committee on Government Reform, House of Representatives, One Hundred Eighth Congress, second session, March 24, 2004 215 $a1 online resource (iii, 153 p.) $cill 311 08$a0-16-074078-9 517 $aElectronic government 606 $aElectronic government information$zUnited States 606 $aInternet in public administration$zUnited States 606 $aAdministrative agencies$xInformation technology$zUnited States 615 0$aElectronic government information 615 0$aInternet in public administration 615 0$aAdministrative agencies$xInformation technology 906 $aBOOK 912 $a9910689877703321 996 $aElectronic Government$9772425 997 $aUNINA LEADER 04365nam 2201189z- 450 001 9910557471903321 005 20220111 035 $a(CKB)5400000000043079 035 $a(oapen)https://directory.doabooks.org/handle/20.500.12854/77160 035 $a(oapen)doab77160 035 $a(EXLCZ)995400000000043079 100 $a20202201d2021 |y 0 101 0 $aeng 135 $aurmn|---annan 181 $ctxt$2rdacontent 182 $cc$2rdamedia 183 $acr$2rdacarrier 200 00$aAdvances in Sensors and Sensing for Technical Condition Assessment and NDT 210 $aBasel, Switzerland$cMDPI - Multidisciplinary Digital Publishing Institute$d2021 215 $a1 online resource (216 p.) 311 08$a3-0365-2679-X 311 08$a3-0365-2678-1 330 $aThe adequate assessment of key apparatus conditions is a hot topic in all branches of industry. Various online and offline diagnostic methods are widely applied to provide early detections of any abnormality in exploitation. Furthermore, different sensors may also be applied to capture selected physical quantities that may be used to indicate the type of potential fault. The essential steps of the signal analysis regarding the technical condition assessment process may be listed as: signal measurement (using relevant sensors), processing, modelling, and classification. In the Special Issue entitled "Advances in Sensors and Sensing for Technical Condition Assessment and NDT", we present the latest research in various areas of technology. 606 $aTechnology: general issues$2bicssc 610 $a3D sensing 610 $aacoustic emission 610 $aAE sensor 610 $aattenuation 610 $aboundary conditions 610 $acircuit modeling 610 $acoefficient of thermal expansion 610 $acompounding Nakagami imaging 610 $acontrast-enhanced ultrasound 610 $acurrent measurement 610 $adefect identification 610 $aeddy current 610 $aelastic waves 610 $aelectrodynamic accelerators 610 $afeature extraction 610 $aFizeau fiber interferometer 610 $afrequency analysis 610 $agenetic algorithm 610 $ageometric layout of railway track 610 $aGNSS mobile measurements 610 $ahigh-current pulses 610 $ahigh-current shunts 610 $aimage processing 610 $aincubation 610 $ainfrasound correlation analysis 610 $ainfrasound measurement system 610 $ainsulation 610 $ainverse problem 610 $aknee joint 610 $alaser ultrasound 610 $alateral temperature gradient 610 $alow-frequency noise 610 $alow-frequency sensor 610 $amachine learning 610 $ameasuring scale 610 $amuscle perfusion 610 $an/a 610 $aNakagami parameter 610 $aneural network 610 $anon-destructive evaluation 610 $anon-invasive examination 610 $aOLTC 610 $apower transformer 610 $aprincipal component analysis 610 $apulse compression 610 $aROC curve 610 $aRogowski coil 610 $aroute's polygon 610 $ascattering 610 $asolar radiation intensity 610 $aspectral features 610 $aspectrum 610 $asupervised classification 610 $atemperature field 610 $atemperature monitoring 610 $athermoelastic deformation 610 $atrack axis identification 610 $atramway loop 610 $aultrasonic testing 610 $aVAG 610 $avibroarthography 610 $awavelet transform 610 $awind turbine 615 7$aTechnology: general issues 700 $aBoczar$b Tomasz$4edt$01318485 702 $aKunicki$b Micha?$4edt 702 $aWotzka$b Daria$4edt 702 $aNagi$b ?ukasz$4edt 702 $aKozio?$b Micha?$4edt 702 $aBoczar$b Tomasz$4oth 702 $aKunicki$b Micha?$4oth 702 $aWotzka$b Daria$4oth 702 $aNagi$b ?ukasz$4oth 702 $aKozio?$b Micha?$4oth 906 $aBOOK 912 $a9910557471903321 996 $aAdvances in Sensors and Sensing for Technical Condition Assessment and NDT$93033315 997 $aUNINA